00000000nam##2200000za#4500
0019.625396
003CaOODSP
00520220808101246
007ta
008150406|2001||||xxc|||||     f|0| 0 fre|d
020 |a0-662-84934-5
040 |aCaOODSP|bfre
043 |an-cn---
0861 |aEn40-215/57F
1101 |aCanada. |bEnvironnement Canada.
24513|aLe nonylphénol et ses dérivés éthoxylés
260 |aOttawa - Ontario : |bEnvironnement Canada |c2001.
300 |aix, 105p. : |bgraphiques, références, tableaux ; |c28 cm.
4901 |aListe des substances d'intérêt prioritaire: rapport d'évaluation
563 |aReliure à spirale
590 |a01-28|b2001-07-13
69107|aProduit chimique|2gcpds
69107|aProduit toxique|2gcpds
69107|aToxicologie|2gcpds
69107|aImpact sur l'environnement|2gcpds
7760#|tLe nonylphénol et ses dérivés éthoxylés / |w(CaOODSP)9.601991
830#0|aListe des substances d'intérêt prioritaire, rapport d'évaluation.|w(CaOODSP)9.512966